| 000 | 00544nam a22001817a 4500 | ||
|---|---|---|---|
| 008 | 160527b xxu||||| |||| 00| 0 eng d | ||
| 020 | _a9812544674 | ||
| 082 |
_22003 _aDC 174 _bR78 |
||
| 100 |
_99446 _aRowan, John R. |
||
| 245 |
_aEthics for the professions/ _cJohn R. Rowan and Samuel Zinaich, Jr. |
||
| 260 |
_aAustralia: _bThompson Learning, _cc2003. |
||
| 300 |
_aix, 445 pages; _c23 cm. |
||
| 500 | _aIncludes index. | ||
| 650 | 0 |
_99448 _aEthics |
|
| 700 |
_99450 _aZinaich, Samuel, Jr _eAuthor |
||
| 365 |
_b399.00 _cPhp |
||
| 942 |
_2ddc _cDC |
||
| 999 |
_c2842 _d2842 |
||